书目信息 |
| 题名: |
中药鉴定技术
|
|
| 作者: | 沈力 , 李明 主编 | |
| 分册: | ||
| 出版信息: | 北京 中国中医药出版社 2018.07 |
|
| 页数: | 457页 | |
| 开本: | 26cm | |
| 丛书名: | ||
| 单 册: | ||
| 中图分类: | R282.5 | |
| 科图分类: | ||
| 主题词: | 中药鉴定学--高等职业教育--教材 | |
| 电子资源: | ||
| ISBN: | 978-7-5132-4886-0 | |
| 000 | 01251nam0 2200253 450 | |
| 001 | 4508 | |
| 005 | 20181015085728.90 | |
| 010 | @a978-7-5132-4886-0@dCNY99.00 | |
| 100 | @a20180913d2018 em y0chiy50 ea | |
| 101 | 0 | @achi |
| 102 | @aCN@b110000 | |
| 105 | @aa z 001yy | |
| 200 | 1 | @a中药鉴定技术@9zhong yao jian ding ji shu@f沈力,李明主编 |
| 205 | @a2版 | |
| 210 | @a北京@c中国中医药出版社@d2018.07 | |
| 215 | @a457页@c彩图@d26cm | |
| 300 | @a全国中医药行业高等职业教育“十三五”规划教材 供中药学、中药制药技术、药品生产技术、药品质量与安全等专业用 | |
| 330 | @a本书为全国中医药行业高等教育十三五规划教材。作者依据中药质检员、中药验收员等岗位群中药鉴定技术相关职业能力要求,立足授人以渔,打破传统以知识为主线的课程结构和按中药自然属性分类的模式,改课堂教学为工作情境教学,以职业活动为主线,精心设计中药鉴定的认知与性状鉴定规范化操作、常用中药的性状鉴定、中药的显微鉴定、中药的理化鉴定、易混中药综合鉴定等5个项目30个典型工作任务,理论与实践融为一体,优化内容体系,突出实用性,编写具有医药高等职业教育鲜明特色的《中药鉴定技术》教材。 | |
| 606 | 0 | @a中药鉴定学@x高等职业教育@j教材 |
| 690 | @aR282.5@v5 | |
| 701 | 0 | @a沈力@9shen li@4主编 |
| 701 | 0 | @a李明@9li ming@4主编 |
| 801 | 0 | @aCN@b91MARC@c20180913 |
| 905 | @aMuseLib@dR282.5@e464=2 | |
| 中药鉴定技术/沈力,李明主编.-2版.-北京:中国中医药出版社,2018.07 |
| 457页:彩图;26cm |
| 全国中医药行业高等职业教育“十三五”规划教材 供中药学、中药制药技术、药品生产技术、药品质量与安全等专业用 |
| ISBN 978-7-5132-4886-0:CNY99.00 |
| 本书为全国中医药行业高等教育十三五规划教材。作者依据中药质检员、中药验收员等岗位群中药鉴定技术相关职业能力要求,立足授人以渔,打破传统以知识为主线的课程结构和按中药自然属性分类的模式,改课堂教学为工作情境教学,以职业活动为主线,精心设计中药鉴定的认知与性状鉴定规范化操作、常用中药的性状鉴定、中药的显微鉴定、中药的理化鉴定、易混中药综合鉴定等5个项目30个典型工作任务,理论与实践融为一体,优化内容体系,突出实用性,编写具有医药高等职业教育鲜明特色的《中药鉴定技术》教材。 |
| ● |
| 相关链接 |
|
|
|
|
正题名:中药鉴定技术
索取号:R282.5/464=2
 
预约/预借
| 序号 | 登录号 | 条形码 | 馆藏地/架位号 | 状态 | 备注 |
| 1 | 1125456 | 211254569 | 第二样本阅览室/ [索取号:R282.5/464=2] | 在馆 | |
| 2 | 1125457 | 211254578 | 第三借阅区/ [索取号:R282.5/464=2] | 在馆 | |
| 3 | 1125458 | 211254587 | 第三借阅区/ [索取号:R282.5/464=2] | 在馆 | |
| 4 | 1125459 | 211254596 | 密集书库-生命科学系/ [索取号:R282.5/464=2] | 在馆 | |
| 5 | 1125460 | 211254603 | 密集书库-生命科学系/ [索取号:R282.5/464=2] | 在馆 |